000 00702nam a2200289Ia 4500
005 20260324134927.0
008 008 260324s9999 xx 000 0 eng d
020 _a9781315247601
037 _aEBOOK
040 _aCRL
040 _beng
040 _cCRL
041 _2eng
041 _aeng
084 _qCRL
100 _aJulie Ann Smith
_91198678
245 0 _aOrdering Women’s Lives
245 0 _bPenitentials and Nunnery Rules in the Early Medieval West
260 _bTaylor and Francis
260 _c2001
365 _a
365 _b230
856 _uhttp://www.taylorfrancis.com/books/9781315247601
942 _cEBOOK
999 _c1799246
_d1799246